| 000 | 00892nam a2200205Ia 4500 | ||
|---|---|---|---|
| 003 | Ost | ||
| 005 | 20260507075042.0 | ||
| 008 | 260507s9999||||xx |||||||||||||| ||und|| | ||
| 020 | _a995724034x | ||
| 040 | _cfsecg | ||
| 041 | _aara | ||
| 082 | _a330 | ||
| 100 |
_aمحيلان، محمد حيدر صادق _eمؤلف |
||
| 245 | 0 |
_aإدارة اللوازم / _c محمد حيدر صادق محيلان |
|
| 260 |
_aعمان: _bدار صفاء للنشر, _c2002 |
||
| 300 |
_a181 صفحة؛ _bإيضاحات ؛ _c24 سم |
||
| 520 | _aإدارة المواد واللوازم، وصول المواد وتدقيقها واستيلامها، صرف المواد، توريد المواد من المستودع الفرعي، تدوير المواد، شطب المواد، مناولة المواد، تطبيقات عملية | ||
| 653 | _aالمواد- ادارة | ||
| 942 | _cكتاب | ||
| 999 |
_c42521 _d42521 |
||